Telephones : antique to modern.
| Main Author: | |
|---|---|
| Format: | Book |
| Published: |
Wessstchester, PA:
Schiffer,
1992.
|
| Subjects: |
| LEADER | 00471cam a2200169 7i4500 | ||
|---|---|---|---|
| 001 | 0000004545 | ||
| 005 | 19991025090000.0 | ||
| 002 | ##000006045 | ||
| 020 | 0 | 0 | |a 0-88740-386-7 |
| 090 | 0 | 0 | |a DE 384.60909 |b DOO |
| 100 | 1 | 0 | |a Dooner, Kate E. |
| 245 | 1 | 0 | |a Telephones : |b antique to modern. |
| 260 | 0 | 0 | |a Wessstchester, PA: |b Schiffer, |c 1992. |
| 300 | 0 | 0 | |a 173 p.. |
| 650 | 0 | 0 | |a Designs -- |x Telephone |
| 650 | 0 | 0 | |a Telephone |
| 999 | |a 0000006508 |b Book |c Open shelf |e Business Information Centre | ||


